Online
Catalog

El moro / (Record no. 9348)

MARC details
000 -CABECERA
campo de control de longitud fija 00626nam a2200193 a 4500
001 - NÚMERO DE CONTROL
campo de control 000009588
005 - FECHA Y HORA DE LA ÚLTIMA TRANSACCIÓN
campo de control 20200929161632.0
008 - DATOS DE LONGITUD FIJA--INFORMACIÓN GENERAL
campo de control de longitud fija 900529s1985 ck 000 1 spa
040 ## - FUENTE DE LA CATALOGACIÓN
Centro catalogador/agencia de origen DO-SdBNP
Centro/agencia modificador BNPHU
082 ## - NÚMERO DE LA CLASIFICACIÓN DECIMAL DEWEY
Número de clasificación C863.3
Número de documento/Ítem M361
100 1# - ENTRADA PRINCIPAL--NOMBRE DE PERSONA
Nombre de persona Marroquín, José Manuel,
Fechas asociadas al nombre 1827-1908.
9 (RLIN) 24430
245 13 - MENCIÓN DE TÍTULO
Título El moro /
Mención de responsabilidad, etc. José Manuel Marroquín.
260 ## - PUBLICACIÓN, DISTRIBUCIÓN, ETC.
Lugar de publicación, distribución, etc. Bogota :
Nombre del editor, distribuidor, etc. Editorial Oveja Negra,
Fecha de publicación, distribución, etc. c1985.
300 ## - DESCRIPCIÓN FÍSICA
Extensión 195 p. ;
Dimensiones 20 cm.
490 1# - MENCIÓN DE SERIE
Mención de serie Biblioteca de literatura colombiana
Designación de volumen o secuencia 60
650 #4 - PUNTO DE ACCESO ADICIONAL DE MATERIA--TÉRMINO DE MATERIA
Término de materia o nombre geográfico como elemento de entrada Novela colombiana
9 (RLIN) 1243
650 #4 - PUNTO DE ACCESO ADICIONAL DE MATERIA--TÉRMINO DE MATERIA
Término de materia o nombre geográfico como elemento de entrada Literatura colombiana
9 (RLIN) 1244
830 #0 - PUNTO DE ACCESO ADICIONAL DE SERIE-TÍTULO UNIFORME
Título uniforme Biblioteca de literatura colombiana ;
Designación de volumen o secuencia 60
9 (RLIN) 24431
Holdings
Estado de retiro Estado de pérdida Restricciones de uso No para préstamo Código de colección Localización permanente Ubicación/localización actual Ubicación en estantería Fecha de adquisición Número de inventario Total de préstamos Signatura topográfica completa Código de barras Fecha visto por última vez Precio válido a partir de Tipo de ítem Koha
      Excluido de préstamo Monografías: Libros y Folletos General General Depósito 30.09.2009 LF1   C863.3 M361 9588-10 25.06.2020 25.06.2020 No se presta

Powered by Koha